[Event "Manitoba-ch reserves"]
[Site "Winnipeg CAN"]
[Date "1997.02.09"]
[Round "4"]
[White "Gannon, Keith"]
[Black "Magyar, Peter"]
[Result "1-0"]
[WhiteElo "1698"]
[BlackElo "1386"]
[PlyCount "87"]
[GameId "2160767911966514"]
[EventDate "1997.02.07"]
[EventType "swiss"]
[EventRounds "5"]
[EventCountry "CAN"]

1. e4 e6 2. d4 d5 3. exd5 exd5 4. Nf3 Nf6 5. Nc3 Bb4 6. Bd2 Ne4 7. Be2 Bxc3 8. Bxc3 Nxc3 9. bxc3 O-O 10. O-O Bf5 11. c4 Nc6 12. c3 Na5 13. cxd5 Qxd5 14. Re1 Rfe8 15. Nh4 Bd7 16. Bd3 Rxe1+ 17. Qxe1 Re8 18. Qd2 g5 19. c4 Qe6 20. Qxg5+ Kf8 21. Qxa5 b6 22. Qd2 h6 23. Nf3 f6 24. Re1 Qg8 25. Qxh6+ Qg7 26. Qxg7+ Kxg7 27. Rxe8 Bxe8 28. Kf1 c6 29. a3 b5 30. cxb5 cxb5 31. Nd2 a5 32. Ke1 Bd7 33. Nb3 b4 34. axb4 a4 35. Na1 f5 36. b5 f4 37. f3 Bc8 38. Bc2 a3 39. Bb3 Kf6 40. Nc2 Ke7 41. Nxa3 Kd6 42. Kd2 Kc7 43. Kc3 Kb6 44. Kb4 1-0

[Event "Manitoba-ch reserves"]
[Site "Winnipeg CAN"]
[Date "1997.02.09"]
[Round "4"]
[White "Hassain, Mahmud"]
[Black "Lauritson, Jim"]
[Result "1/2-1/2"]
[WhiteElo "1927"]
[BlackElo "2027"]
[PlyCount "95"]
[GameId "2160767911966515"]
[EventDate "1997.02.07"]
[EventType "swiss"]
[EventRounds "5"]
[EventCountry "CAN"]

1. e4 c5 2. c3 Nf6 3. Bd3 d6 4. h3 g6 5. Nf3 Nc6 6. Bc2 Bg7 7. d3 b5 8. Be3 O-O 9. Qd2 b4 10. Bh6 Qb6 11. Bxg7 Kxg7 12. cxb4 Nxb4 13. Nc3 Rb8 14. b3 Bd7 15. O-O Bc6 16. Rae1 Nd7 17. Nh4 Ne5 18. Bb1 Bb5 19. Re3 Qa6 20. Nxb5 Qxb5 21. Rg3 Nbc6 22. Nf5+ Kh8 23. f4 Nd7 24. Qb2+ f6 25. Ne3 a5 26. Nd5 c4 27. dxc4 Qxc4 28. Rc1 Qd4+ 29. Qf2 Qxf2+ 30. Kxf2 Nc5 31. Rgc3 Kg7 32. Nc7 Kf7 33. Ke3 Rb6 34. Nd5 Rb7 35. Bd3 e6 36. Rxc5 dxc5 37. Nc3 Nb4 38. Bc4 Rd8 39. f5 gxf5 40. exf5 Nd5+ 41. Kf3 Nxc3 42. Rxc3 Ke7 43. Bxe6 Rc7 44. Ke2 Rd4 45. Rg3 Kd6 46. Rg8 Ra7 47. a4 Rb4 48. Kd3 1/2-1/2

[Event "Manitoba-ch reserves"]
[Site "Winnipeg CAN"]
[Date "1997.02.09"]
[Round "4"]
[White "Penner, Wesley"]
[Black "Gibson, Kris"]
[Result "1/2-1/2"]
[WhiteElo "1815"]
[BlackElo "1809"]
[PlyCount "125"]
[GameId "2160767911966516"]
[EventDate "1997.02.07"]
[EventType "swiss"]
[EventRounds "5"]
[EventCountry "CAN"]

1. e4 c5 2. c4 Nc6 3. Nf3 d6 4. Nc3 g6 5. b3 Bg7 6. Bb2 Bg4 7. Be2 Bxf3 8. Bxf3 Nd4 9. O-O e6 10. g3 Nxf3+ 11. Qxf3 Ne7 12. Nd1 Bxb2 13. Nxb2 Nc6 14. Qd1 O-O 15. f4 Qf6 16. Nd3 Qd4+ 17. Nf2 d5 18. d3 dxc4 19. dxc4 Rad8 20. e5 Rd7 21. Qxd4 cxd4 22. Ne4 Kg7 23. Rad1 b6 24. Rd2 Rfd8 25. Rfd1 a5 26. a3 h6 27. h4 h5 28. Kf2 Ne7 29. Nf6 Nf5 30. Nxd7 Rxd7 31. Kf3 f6 32. Re1 Rc7 33. exf6+ Kxf6 34. Re5 a4 35. Rd3 axb3 36. Rxb3 Rxc4 37. Re1 Rc3+ 38. Rxc3 dxc3 39. a4 Ne7 40. Ke4 Nd5 41. Kd3 Ke7 42. Kc2 Kd6 43. Re5 Ke7 44. Re2 Kd6 45. Kb3 Kd7 46. Re1 Kd6 47. Kc4 Ke7 48. Kd4 Kf6 49. Rb1 Kf5 50. Kd3 Kg4 51. Ke4 c2 52. Rc1 Nc3+ 53. Ke5 Nxa4 54. Kxe6 Kxg3 55. Rxc2 Nc5+ 56. Kf6 Kxh4 57. Kxg6 Kg4 58. f5 h4 59. f6 Nd7 60. Rg2+ Kf3 61. Rg5 Nxf6 62. Kxf6 h3 63. Re5 1/2-1/2

[Event "Manitoba-ch reserves"]
[Site "Winnipeg CAN"]
[Date "1997.02.09"]
[Round "4"]
[White "Schulz, Manfred"]
[Black "Roque, Rodolfo"]
[Result "1-0"]
[WhiteElo "1985"]
[BlackElo "1948"]
[PlyCount "77"]
[GameId "2160767911966517"]
[EventDate "1997.02.07"]
[EventType "swiss"]
[EventRounds "5"]
[EventCountry "CAN"]

1. e4 e6 2. Qe2 Nc6 3. Nf3 Nge7 4. d4 Ng6 5. g3 Be7 6. Bg2 b6 7. Be3 Bb7 8. Nc3 a5 9. h4 h5 10. O-O-O Ba6 11. Qd2 Bc4 12. Bf1 Bxf1 13. Rhxf1 Na7 14. e5 d5 15. exd6 cxd6 16. d5 e5 17. Ng5 Qc7 18. Qd3 Rc8 19. Ne6 Qb7 20. Nxg7+ Kf8 21. Nf5 Qc7 22. Ne4 a4 23. Rd2 Rb8 24. Nxe7 Nxe7 25. f4 Ng6 26. Ng5 Rg8 27. fxe5 Ke8 28. Rxf7 Ne7 29. exd6 Qxd6 30. Bf4 Qc5 31. Bxb8 Rxg5 32. Rxe7+ Kxe7 33. hxg5 Nb5 34. Qh7+ Kd8 35. Qg8+ Kd7 36. Qf7+ Kc8 37. Qe8+ Kb7 38. Qc6+ Kxb8 39. Qxc5 1-0

[Event "Manitoba-ch reserves"]
[Site "Winnipeg CAN"]
[Date "1997.02.09"]
[Round "4"]
[White "Schulz, Waldemar"]
[Black "Jackson, Greg"]
[Result "1-0"]
[WhiteElo "2009"]
[BlackElo "1711"]
[PlyCount "41"]
[GameId "2160767911966518"]
[EventDate "1997.02.07"]
[EventType "swiss"]
[EventRounds "5"]
[EventCountry "CAN"]

1. Nf3 Nf6 2. d4 g6 3. c4 Bg7 4. Nc3 O-O 5. e4 d6 6. Be2 e5 7. dxe5 dxe5 8. Qxd8 Rxd8 9. Bg5 Re8 10. Rd1 Nbd7 11. Nb5 Nxe4 12. Nxc7 h6 13. Nxe8 hxg5 14. Nxg7 Kxg7 15. O-O f6 16. Nd2 Nec5 17. b4 Ne6 18. Nb3 b6 19. Bf3 Rb8 20. Rd6 Nef8 21. Rfd1 1-0

[Event "Manitoba-ch reserves"]
[Site "Winnipeg CAN"]
[Date "1997.02.09"]
[Round "5"]
[White "Armstrong, Jeff"]
[Black "Magyar, Peter"]
[Result "1/2-1/2"]
[WhiteElo "1474"]
[BlackElo "1386"]
[PlyCount "140"]
[GameId "2160767911966519"]
[EventDate "1997.02.07"]
[EventType "swiss"]
[EventRounds "5"]
[EventCountry "CAN"]

1. d4 e6 2. c4 Nf6 3. Nc3 Bb4 4. a3 Bxc3+ 5. bxc3 c5 6. Nf3 b6 7. g3 Bb7 8. Bg2 d6 9. O-O Nbd7 10. Bf4 d5 11. cxd5 Bxd5 12. Re1 Ne4 13. Qc2 Rc8 14. Be3 O-O 15. Nd2 Nxd2 16. Qxd2 Nf6 17. f3 c4 18. Bf2 Re8 19. e4 Bc6 20. Be3 e5 21. d5 Ba4 22. g4 Nd7 23. Bg5 f6 24. Be3 Nc5 25. Bxc5 Rxc5 26. Qe3 g5 27. Bf1 Re7 28. Rab1 h5 29. Re2 h4 30. h3 Ra5 31. Rb4 Bb3 32. Qc1 Qc8 33. Rd2 Qa6 34. a4 Rxa4 35. Rxb3 Ra1 36. Rb1 Ra4 37. Rdb2 Ra5 38. Qd2 Rc5 39. Ra2 Qb7 40. Qe3 Qc7 41. Qd2 Qb7 42. Be2 a5 43. Bd1 Qa7 44. Ba4 b5 45. Bxb5 Rxd5+ 46. Qf2 Qxf2+ 47. Kxf2 Rc5 48. Ba4 Rcc7 49. Rab2 Kf7 50. Rb5 Rcd7 51. Rd5 Ra7 52. Rbb5 Ke6 53. Rxa5 Rh7 54. Bc6 Rxa5 55. Rxa5 Kd6 56. Bd5 Rc7 57. Ra6+ Kc5 58. Rxf6 Ra7 59. Rc6+ Kb5 60. Rxc4 Ra2+ 61. Ke3 Rh2 62. Rb4+ Kc5 63. Bc4 Rxh3 64. Bf1 Rh2 65. Kd3 Rf2 66. Rb1 Rxf3+ 67. Kd2 h3 68. Bxh3 Rxh3 69. Rf1 Kc4 70. Rf5 Rh2+ 1/2-1/2

[Event "Manitoba-ch reserves"]
[Site "Winnipeg CAN"]
[Date "1997.02.09"]
[Round "5"]
[White "Gibson, Kris"]
[Black "Costales, Servillano"]
[Result "1-0"]
[WhiteElo "1809"]
[BlackElo "1781"]
[PlyCount "49"]
[GameId "2160767911966520"]
[EventDate "1997.02.07"]
[EventType "swiss"]
[EventRounds "5"]
[EventCountry "CAN"]

1. e4 c5 2. Nf3 e6 3. c3 Nf6 4. e5 Nd5 5. c4 Ne7 6. d4 cxd4 7. Bd3 Nbc6 8. O-O Qc7 9. Re1 b6 10. Na3 a6 11. Nc2 Bb7 12. Ncxd4 g6 13. Bg5 Bg7 14. Nxc6 Nxc6 15. Bf6 Bxf6 16. exf6 Qf4 17. Qb3 Qxf6 18. Qxb6 Rb8 19. Be4 O-O 20. Qc7 Rfd8 21. Rad1 Qe7 22. Bxc6 Bxc6 23. Ne5 Rf8 24. Nxc6 dxc6 25. Qxe7 1-0

[Event "Manitoba-ch reserves"]
[Site "Winnipeg CAN"]
[Date "1997.02.09"]
[Round "5"]
[White "Guenther, Don"]
[Black "Penner, Wesley"]
[Result "0-1"]
[WhiteElo "1681"]
[BlackElo "1815"]
[PlyCount "85"]
[GameId "2160767911966521"]
[EventDate "1997.02.07"]
[EventType "swiss"]
[EventRounds "5"]
[EventCountry "CAN"]

1. g3 e5 2. Bg2 d5 3. d3 Nf6 4. c3 Be6 5. Qc2 Nbd7 6. Nf3 c6 7. O-O h6 8. e4 Bd6 9. Nbd2 O-O 10. Re1 Re8 11. Nf1 dxe4 12. dxe4 Qc7 13. Ne3 Rad8 14. Nh4 g6 15. Qe2 Kh7 16. h3 Nc5 17. Ng4 Nxg4 18. hxg4 Be7 19. Qe3 Bf8 20. b4 Nd3 21. Rf1 Nxc1 22. Raxc1 Bxg4 23. Rc2 b6 24. Kh2 c5 25. f3 Be6 26. Rff2 Be7 27. Bh3 Bxh3 28. Kxh3 Qd7+ 29. Kh2 Bxh4 30. gxh4 Qe7 31. Kh3 Rd1 32. Rh2 cxb4 33. cxb4 Qxb4 34. Qe2 Rd7 35. Rc4 Qe7 36. Qf1 Red8 37. Rhc2 Kg7 38. Rc1 Rd2 39. a4 R8d7 40. Qg1 R2d4 41. h5 Rxc4 42. Rxc4 Qe6+ 43. Kh4 0-1

[Event "Manitoba-ch reserves"]
[Site "Winnipeg CAN"]
[Date "1997.02.09"]
[Round "5"]
[White "Lauritson, Jim"]
[Black "Schulz, Waldemar"]
[Result "1-0"]
[WhiteElo "2027"]
[BlackElo "2009"]
[PlyCount "109"]
[GameId "2160767911966522"]
[EventDate "1997.02.07"]
[EventType "swiss"]
[EventRounds "5"]
[EventCountry "CAN"]

1. e4 c5 2. Nf3 e6 3. d4 cxd4 4. Nxd4 a6 5. c4 Qc7 6. Bd3 Nc6 7. Nxc6 Qxc6 8. O-O Bc5 9. Nc3 Ne7 10. Kh1 b6 11. Qg4 g6 12. Bg5 Bb7 13. Bf6 h5 14. Qg5 Rh7 15. e5 Nf5 16. Bxf5 exf5 17. Nd5 h4 18. Be7 h3 19. Nf6+ Kxe7 20. Nxh7+ Ke8 21. Nf6+ Kd8 22. f3 hxg2+ 23. Kxg2 Be7 24. Rad1 Kc8 25. Qd2 Bxf6 26. exf6 Kc7 27. Qf4+ d6 28. Rfe1 Rd8 29. Re7+ Rd7 30. Rde1 Bc8 31. Rxd7+ Bxd7 32. Re7 Qa4 33. Rxf7 Qc2+ 34. Kg3 Qd1 35. Qe3 g5 36. Qxg5 Qg1+ 37. Kf4 Qxh2+ 38. Ke3 Qe5+ 39. Kd3 Qxb2 40. Qd2 Qb1+ 41. Qc2 Qf1+ 42. Qe2 Qb1+ 43. Ke3 Qg1+ 44. Kd2 Qd4+ 45. Kc2 Qa1 46. Rxd7+ Kxd7 47. Qe7+ Kc6 48. f7 Qxa2+ 49. Kd1 Qb1+ 50. Ke2 Qc2+ 51. Ke1 Qc3+ 52. Kf2 Qd4+ 53. Qe3 Qb2+ 54. Qe2 Qd4+ 55. Kf1 1-0

[Event "Manitoba-ch reserves"]
[Site "Winnipeg CAN"]
[Date "1997.02.09"]
[Round "5"]
[White "Llanillos, Ruben"]
[Black "Roque, Rodolfo"]
[Result "0-1"]
[WhiteElo "1738"]
[BlackElo "1948"]
[PlyCount "68"]
[GameId "2160767911966523"]
[EventDate "1997.02.07"]
[EventType "swiss"]
[EventRounds "5"]
[EventCountry "CAN"]

1. e4 d6 2. d4 Nd7 3. Nf3 e5 4. dxe5 dxe5 5. Bb5 c6 6. Bc4 Be7 7. O-O h6 8. h3 Ngf6 9. Re1 O-O 10. Nc3 b5 11. Bf1 Bb7 12. b3 Qc7 13. Bb2 Rad8 14. Qc1 a6 15. Nh4 Bc5 16. Nd1 Rfe8 17. Nf5 Re6 18. a3 Ba7 19. c4 Nc5 20. Qc2 Nh5 21. b4 Na4 22. cxb5 axb5 23. Bxb5 Nxb2 24. Nxb2 Nf4 25. Bc4 Rg6 26. g3 Nxh3+ 27. Kg2 Nxf2 28. Rf1 Ng4 29. Bxf7+ Qxf7 30. Rad1 Qe8 31. Qc4+ Kh7 32. Rxd8 Qxd8 33. Rd1 Qb6 34. Nd3 Ne3+ 0-1

[Event "Manitoba-ch reserves"]
[Site "Winnipeg CAN"]
[Date "1997.02.09"]
[Round "5"]
[White "Remillard, John"]
[Black "Gannon, Keith"]
[Result "0-1"]
[WhiteElo "1663"]
[BlackElo "1698"]
[PlyCount "24"]
[GameId "2160767911966524"]
[EventDate "1997.02.07"]
[EventType "swiss"]
[EventRounds "5"]
[EventCountry "CAN"]

1. b4 e6 2. a3 d5 3. Bb2 Nf6 4. e3 Be7 5. g4 O-O 6. h4 a5 7. b5 d4 8. g5 Ne8 9. Bd3 f5 10. Qh5 g6 11. Qh6 Rf7 12. f4 Bf8 0-1

[Event "Manitoba-ch reserves"]
[Site "Winnipeg CAN"]
[Date "1997.02.09"]
[Round "5"]
[White "Schulz, Manfred"]
[Black "Hassain, Mahmud"]
[Result "0-1"]
[WhiteElo "1985"]
[BlackElo "1927"]
[PlyCount "44"]
[GameId "2160767911966525"]
[EventDate "1997.02.07"]
[EventType "swiss"]
[EventRounds "5"]
[EventCountry "CAN"]

1. e4 c5 2. Nf3 d6 3. d4 cxd4 4. Nxd4 Nf6 5. Nc3 g6 6. Be3 Bg7 7. Be2 a6 8. O-O b5 9. a3 Bb7 10. Bd3 Nbd7 11. Nb3 Ne5 12. Qe2 Rc8 13. Nd2 Nfg4 14. Bd4 O-O 15. f4 Nxd3 16. Bxg7 Qb6+ 17. Kh1 Ndf2+ 18. Rxf2 Nxf2+ 19. Kg1 Nxe4+ 20. Kh1 Nf2+ 21. Kg1 Nh3+ 22. Kh1 Nxf4 0-1

[Event "Maritime op"]
[Site "Halifax CAN"]
[Date "1997.10.11"]
[Round "1"]
[White "Bernard, Gilbert"]
[Black "Saunders, Stephen"]
[Result "0-1"]
[WhiteElo "1702"]
[BlackElo "1925"]
[PlyCount "62"]
[GameId "2160767911935998"]
[EventDate "1997.10.11"]
[EventType "swiss"]
[EventRounds "8"]
[EventCountry "CAN"]

1. e4 c5 2. Nf3 d6 3. c3 Nf6 4. Be2 Nc6 5. d4 cxd4 6. cxd4 g6 7. Nc3 Bg7 8. O-O O-O 9. h3 a6 10. a4 e6 11. Be3 b6 12. Rc1 Bb7 13. Qb3 Na5 14. Qc2 Rc8 15. Bd3 b5 16. axb5 axb5 17. b4 Nc4 18. Qe2 Qb6 19. Nxb5 Nxe3 20. Qxe3 Nxe4 21. Qf4 d5 22. Ne5 Bxe5 23. dxe5 Ba6 24. Nd6 Rxc1 25. Nxe4 Rxf1+ 26. Bxf1 dxe4 27. Bxa6 Qxa6 28. Qxe4 Rb8 29. h4 h5 30. g4 Qb7 31. Qf4 Qxb4 0-1

[Event "Maritime op"]
[Site "Halifax CAN"]
[Date "1997.10.11"]
[Round "2"]
[White "Saunders, Stephen"]
[Black "Drummond, Carlos"]
[Result "1-0"]
[WhiteElo "1925"]
[BlackElo "1716"]
[PlyCount "123"]
[GameId "2160767911935999"]
[EventDate "1997.10.11"]
[EventType "swiss"]
[EventRounds "8"]
[EventCountry "CAN"]

1. d4 Nf6 2. c4 g6 3. Nc3 Bg7 4. e4 d6 5. f3 O-O 6. Bg5 Nbd7 7. Nh3 h6 8. Be3 e5 9. d5 a6 10. Qd2 Kh7 11. Nf2 Ng8 12. g4 Ne7 13. h4 Qe8 14. Bd3 Rh8 15. O-O-O Nc5 16. Bc2 b5 17. Nd3 Nxd3+ 18. Qxd3 Bd7 19. c5 b4 20. Ne2 Bb5 21. Qd2 a5 22. c6 a4 23. Bd3 Bxd3 24. Qxd3 Qb8 25. Kb1 Ra5 26. Rc1 Qb5 27. Qxb5 Rxb5 28. Rc4 Ra8 29. Nc1 Nc8 30. Nd3 b3 31. a3 Nb6 32. Rcc1 Bf8 33. h5 g5 34. Bxb6 Rxb6 35. Rc4 Kg7 36. Rhc1 Kf6 37. Rb4 Rxb4 38. Nxb4 Ke7 39. Nd3 Kd8 40. Rc4 Kc8 41. Kc1 Ra5 42. Rb4 Be7 43. Kd2 Bd8 44. Kc3 Be7 45. Rb7 Bd8 46. Kb4 Ra6 47. Rb5 Bf6 48. Ra5 Rxa5 49. Kxa5 Kb8 50. Kxa4 Ka7 51. Kxb3 Kb6 52. Kb4 Ka6 53. Ne1 Bg7 54. Nc2 Bf6 55. Ne3 Bg7 56. Nf5 Bf8 57. a4 Kb6 58. a5+ Ka7 59. Kb5 f6 60. b4 Ka8 61. Ka6 Kb8 62. b5 1-0

[Event "Maritime op"]
[Site "Halifax CAN"]
[Date "1997.10.11"]
[Round "3"]
[White "Reddy, Tyler"]
[Black "Saunders, Stephen"]
[Result "1/2-1/2"]
[WhiteElo "1832"]
[BlackElo "1925"]
[PlyCount "88"]
[GameId "2160767911931904"]
[EventDate "1997.10.11"]
[EventType "swiss"]
[EventRounds "8"]
[EventCountry "CAN"]

1. c4 f5 2. Nf3 Nf6 3. g3 g6 4. Bg2 Bg7 5. O-O O-O 6. Nc3 d6 7. d4 Qe8 8. Re1 Qf7 9. Qb3 Ne4 10. Be3 Nxc3 11. bxc3 h6 12. d5 Nd7 13. Bd4 b6 14. Bxg7 Qxg7 15. Nd4 Nc5 16. Qc2 a6 17. a4 a5 18. Nb5 Na6 19. f4 Bd7 20. Nd4 Nc5 21. e4 Rae8 22. e5 Kh8 23. e6 Bc8 24. Nb5 Na6 25. Ra3 Bb7 26. Qf2 Rc8 27. Qe3 Nc5 28. Qe2 Ba6 29. Na7 Ra8 30. Nc6 Rae8 31. Bf3 Kh7 32. Kg2 Bb7 33. Nd4 Ba6 34. Rb1 Qf6 35. h4 h5 36. Nc6 Kh6 37. Nd4 Rh8 38. Nc2 Rhf8 39. Nd4 Rh8 40. Kh3 Rhf8 41. Nc2 Ra8 42. Rf1 Kg7 43. Rg1 Rh8 44. Rg2 Rab8 1/2-1/2

[Event "Maritime op"]
[Site "Halifax CAN"]
[Date "1997.10.12"]
[Round "4"]
[White "Saunders, Stephen"]
[Black "Duffy, Stephen"]
[Result "1-0"]
[WhiteElo "1925"]
[BlackElo "1848"]
[PlyCount "67"]
[GameId "2160767911931905"]
[EventDate "1997.10.11"]
[EventType "swiss"]
[EventRounds "8"]
[EventCountry "CAN"]

1. d4 Nf6 2. c4 g6 3. f3 Bg7 4. e4 d6 5. Nc3 O-O 6. Bg5 h6 7. Be3 Nc6 8. Nge2 e5 9. d5 Ne7 10. Qd2 Kh7 11. g4 Nfg8 12. h4 f5 13. g5 f4 14. Bf2 c6 15. dxc6 bxc6 16. Rd1 d5 17. cxd5 cxd5 18. Nxd5 Nxd5 19. Qxd5 Qxd5 20. Rxd5 Be6 21. Ra5 Rf7 22. Nc3 Rd7 23. Bb5 Rc7 24. Kd2 Bf8 25. Kc2 Bc5 26. Bxc5 Rxc5 27. Ra6 Bc4 28. Bxc4 Rxc4 29. h5 Ne7 30. hxg6+ Kg7 31. gxh6+ Kg8 32. h7+ Kg7 33. Rxa7 Rxc3+ 34. bxc3 1-0

[Event "Maritime op"]
[Site "Halifax CAN"]
[Date "1997.10.12"]
[Round "5"]
[White "Brennan, Jim"]
[Black "Drummond, Carlos"]
[Result "1-0"]
[WhiteElo "1857"]
[BlackElo "1716"]
[PlyCount "41"]
[GameId "2160767911931906"]
[EventDate "1997.10.11"]
[EventType "swiss"]
[EventRounds "8"]
[EventCountry "CAN"]

1. d4 Nf6 2. Bg5 e6 3. Nf3 Be7 4. Nbd2 d5 5. e3 Nbd7 6. Bd3 O-O 7. O-O c5 8. c3 h6 9. Bh4 Re8 10. Ne5 a6 11. a4 Qc7 12. f4 Bd6 13. Rf3 b6 14. Rg3 Rf8 15. Nxd7 Nxd7 16. Qg4 g5 17. Bxg5 f5 18. Qh5 Rf7 19. Bxh6+ Kh8 20. Bg7+ Kg8 21. Qh8# 1-0

[Event "Maritime op"]
[Site "Halifax CAN"]
[Date "1997.10.12"]
[Round "5"]
[White "Davies, Cedric"]
[Black "Howarth, Anthony"]
[Result "1-0"]
[WhiteElo "1898"]
[BlackElo "2294"]
[PlyCount "69"]
[GameId "2160767911931907"]
[EventDate "1997.10.11"]
[EventType "swiss"]
[EventRounds "8"]
[EventCountry "CAN"]

1. e4 c5 2. Nc3 g6 3. f4 Bg7 4. Nf3 Nc6 5. Bb5 Nd4 6. Bd3 d6 7. Nxd4 Bxd4 8. Ne2 Bg7 9. c3 Nf6 10. Bc2 O-O 11. O-O Qb6 12. d3 e5 13. Rb1 c4+ 14. d4 Bg4 15. Be3 Bh6 16. Qd2 Qc7 17. fxe5 Bxe3+ 18. Qxe3 Nh5 19. exd6 Qxd6 20. Nf4 Ng7 21. h3 Bd7 22. e5 Qa6 23. Nd5 f5 24. exf6 Nh5 25. f7+ Kh8 26. Qe5+ Ng7 27. Nc7 Qc6 28. Nxa8 Qc8 29. Nc7 Bxh3 30. gxh3 Qxh3 31. Rf2 Qg4+ 32. Rg2 Qd7 33. Bxg6 Qh3 34. Bh5 Rxf7 35. Bxf7 1-0

[Event "Maritime op"]
[Site "Halifax CAN"]
[Date "1997.10.12"]
[Round "5"]
[White "Hensel, George"]
[Black "Kenney, Jason"]
[Result "0-1"]
[WhiteElo "1670"]
[BlackElo "1525"]
[PlyCount "34"]
[GameId "2160767911931908"]
[EventDate "1997.10.11"]
[EventType "swiss"]
[EventRounds "8"]
[EventCountry "CAN"]

1. e4 d5 2. exd5 Nf6 3. c4 e6 4. dxe6 Bxe6 5. Nf3 Nc6 6. Qa4 Bc5 7. d4 Bxd4 8. Nxd4 Qxd4 9. Be2 Qe4 10. Nd2 Qg6 11. O-O O-O 12. Re1 Nd4 13. Bd1 Bh3 14. g3 Rfe8 15. Re3 Rxe3 16. fxe3 Qd3 17. exd4 Qe3+ 0-1

[Event "Maritime op"]
[Site "Halifax CAN"]
[Date "1997.10.12"]
[Round "5"]
[White "Saunders, Stephen"]
[Black "Kenney, David"]
[Result "1/2-1/2"]
[WhiteElo "1925"]
[BlackElo "1969"]
[PlyCount "113"]
[GameId "2160767911931909"]
[EventDate "1997.10.11"]
[EventType "swiss"]
[EventRounds "8"]
[EventCountry "CAN"]

1. d4 Nf6 2. c4 d6 3. Nc3 e5 4. d5 Bf5 5. Nf3 h6 6. g3 Be7 7. Bg2 O-O 8. O-O Nbd7 9. Nd2 a5 10. e4 Bg4 11. f3 Bh5 12. Re1 Nc5 13. Nf1 Qd7 14. Qc2 Rae8 15. Be3 b6 16. a3 Ra8 17. b4 axb4 18. axb4 Rxa1 19. Rxa1 Nb7 20. Ra7 Rb8 21. Qa2 Qc8 22. Qa4 Ne8 23. Nd2 Bg6 24. h4 Nc5 25. bxc5 bxc5 26. Nb5 Qd8 27. Bf2 f5 28. exf5 Bxf5 29. Qa5 Rc8 30. Ne4 Bd7 31. Nec3 g5 32. h5 g4 33. Ne4 Bg5 34. Nbc3 gxf3 35. Bxf3 Nf6 36. Nxg5 hxg5 37. Qa2 g4 38. Bg2 Nxh5 39. Qc2 Qg5 40. Ne4 Qg6 41. Qd2 Bf5 42. Qe3 Kf8 43. Be1 Ke8 44. Nc3 Kd8 45. Be4 Ng7 46. Bd2 Ke8 47. Qd3 Kd7 48. Bxf5+ Nxf5 49. Nb5 Qh5 50. Ba5 Nd4 51. Nxd4 cxd4 52. Qe4 Kd8 53. Bd2 Rb8 54. Ba5 Rb2 55. Be1 Qh2+ 56. Kf1 Qh3+ 57. Kg1 1/2-1/2

[Event "Maritime op"]
[Site "Halifax CAN"]
[Date "1997.10.12"]
[Round "6"]
[White "Gulati, Justin"]
[Black "Saunders, Stephen"]
[Result "1-0"]
[WhiteElo "2028"]
[BlackElo "1925"]
[PlyCount "145"]
[GameId "2160767911931910"]
[EventDate "1997.10.11"]
[EventType "swiss"]
[EventRounds "8"]
[EventCountry "CAN"]

1. c4 f5 2. g3 Nf6 3. Bg2 g6 4. b3 Bg7 5. Bb2 d6 6. f4 O-O 7. Nf3 c6 8. Qc1 Qb6 9. e3 Na6 10. O-O Nb4 11. Ne1 a5 12. Nc3 e5 13. Na4 Qc7 14. a3 Na6 15. Nc2 e4 16. Nd4 Nc5 17. Nxc5 dxc5 18. Nc2 a4 19. b4 cxb4 20. axb4 Be6 21. Nd4 Bf7 22. Qc2 Qd7 23. Rfc1 b5 24. Bf1 Rab8 25. cxb5 cxb5 26. Nc6 Rb7 27. Ne5 Qe7 28. Nxf7 Rxf7 29. Qc5 Qxc5 30. Rxc5 Nd7 31. Rc8+ Rf8 32. Rxf8+ Kxf8 33. Bxg7+ Kxg7 34. d3 exd3 35. Bxd3 Kf6 36. Rc1 Kf7 37. Kf2 Ke7 38. e4 fxe4 39. Bxe4 Rb8 40. Ke3 Kd6 41. Rc6+ Ke7 42. Kd4 Nf6 43. Bd5 Nxd5 44. Kxd5 Ra8 45. Rc2 Rd8+ 46. Ke5 Rd7 47. g4 Kf7 48. h4 Ke7 49. f5 gxf5 50. gxf5 Kf7 51. f6 h6 52. Rg2 Rd1 53. Rg7+ Kf8 54. Rb7 Re1+ 55. Kf5 Rf1+ 56. Kg6 Rg1+ 57. Kxh6 Rg4 58. Rxb5 Rxh4+ 59. Kg6 Rg4+ 60. Kf5 Rc4 61. Rb7 a3 62. b5 a2 63. Ra7 Rc2 64. b6 Rf2+ 65. Ke6 Re2+ 66. Kd7 Rd2+ 67. Kc7 Kf7 68. b7 Rc2+ 69. Kb8 Re2 70. Ka8 Re1 71. b8=Q+ Kxf6 72. Qf4+ Kg6 73. Qg3+ 1-0

[Event "Maritime op"]
[Site "Halifax CAN"]
[Date "1997.10.12"]
[Round "6"]
[White "Phillips, Gary"]
[Black "Kenney, Jason"]
[Result "1/2-1/2"]
[WhiteElo "1749"]
[BlackElo "1525"]
[PlyCount "90"]
[GameId "2160767911931911"]
[EventDate "1997.10.11"]
[EventType "swiss"]
[EventRounds "8"]
[EventCountry "CAN"]

1. e4 d5 2. e5 c5 3. f4 Nc6 4. Nc3 Nh6 5. Bb5 Bd7 6. Nf3 e6 7. O-O Be7 8. Ne2 O-O 9. c3 Nxe5 10. Bxd7 Nxf3+ 11. Rxf3 Qxd7 12. d4 cxd4 13. Nxd4 Bc5 14. Kh1 Bxd4 15. Qxd4 Nf5 16. Qg1 Qc6 17. Bd2 b5 18. Raf1 a5 19. Be1 Nd6 20. Qf2 f6 21. Qh4 Rf7 22. Bd2 Ne4 23. Bc1 b4 24. cxb4 axb4 25. a3 bxa3 26. bxa3 Rc7 27. h3 Rb8 28. f5 Qxc1 29. fxe6 Rb1 30. e7 Qxf1+ 31. Rxf1 Rxf1+ 32. Kh2 Rxe7 33. Qg4 Ra1 34. Qc8+ Kf7 35. Qd8 Rxa3 36. Qxd5+ Kg6 37. h4 Re5 38. Qd7 Rg3 39. Qc8 h5 40. Qc2 Rg4 41. Kh3 Rf5 42. Qc6 Nf2+ 43. Kh2 Rxh4+ 44. Kg3 Nh1+ 45. Kxh4 Rg5 1/2-1/2

[Event "Maritime op"]
[Site "Halifax CAN"]
[Date "1997.10.12"]
[Round "6"]
[White "Urquhart, Eddie"]
[Black "Kenney, David"]
[Result "1-0"]
[WhiteElo "2216"]
[BlackElo "1969"]
[PlyCount "59"]
[GameId "2160767911931912"]
[EventDate "1997.10.11"]
[EventType "swiss"]
[EventRounds "8"]
[EventCountry "CAN"]

1. e4 d6 2. d4 Nf6 3. Nc3 g6 4. Bg5 Bg7 5. Qd2 Nbd7 6. f4 O-O 7. O-O-O c5 8. d5 a6 9. Nf3 h6 10. Bh4 b5 11. Re1 b4 12. Nd1 Bb7 13. c4 bxc3 14. Nxc3 Nb6 15. h3 Qc7 16. Bd3 Rab8 17. g4 Rfe8 18. g5 hxg5 19. Nxg5 e6 20. dxe6 fxe6 21. Rhg1 Nbd7 22. f5 c4 23. Nxe6 Rxe6 24. fxe6 Ne5 25. Bb1 Nf3 26. Qf4 Nxe1 27. Bxf6 Nd3+ 28. Bxd3 cxd3 29. Rxg6 Rf8 30. Qg5 1-0

[Event "Maritime op"]
[Site "Halifax CAN"]
[Date "1997.10.13"]
[Round "7"]
[White "Saunders, Stephen"]
[Black "Hayward, Jim"]
[Result "1-0"]
[WhiteElo "1925"]
[BlackElo "1756"]
[PlyCount "47"]
[GameId "2160767911931913"]
[EventDate "1997.10.11"]
[EventType "swiss"]
[EventRounds "8"]
[EventCountry "CAN"]

1. d4 d5 2. c4 c6 3. Nf3 Nf6 4. Nc3 dxc4 5. a4 Bg4 6. Ne5 Bh5 7. f3 Nd5 8. Nxc4 e6 9. e4 Nxc3 10. bxc3 Nd7 11. Be2 c5 12. O-O Qc7 13. Bg5 Nf6 14. e5 Nd5 15. Nb6 Nxb6 16. Bb5+ Nd7 17. d5 exd5 18. Qxd5 Be7 19. e6 fxe6 20. Qxe6 O-O-O 21. Bxe7 Rhe8 22. Bxd8 Rxe6 23. Bxc7 Kxc7 24. Rfe1 1-0